000
00284nam a22001337a 4500
008
170404b xxu||||| |||| 00| 0 eng d
020
_a
9781892979049
041
_a
eng
080
_a
574
100
_a
9
101
_a
SHM
245
_a
AG HELP WANTED
_c
ROSENBERG.H.R
942
_2
udc
_c
BK
999
_c
9622
_d
9622